000 00494nam a2200157 a 4500
008 120416s1975 ||||||||||||||||| || u
020 _a0432157263
050 _aPR 6069.T15 Sta
100 _aStandish, Robert
245 1 0 _aDabney's reef
260 _aLondon:
_bPeter Davies
_c1975
300 _a218p.
350 _a0.00
650 _aENGLISH LANGUAGE
995 _D0.00
_FCBU-MAIN LIBRARY (Kitwe)
_H1
_I33.25
_M1
_UAVAILABLE
_ZFiction Collection
999 _c39361
_d39361